Diccionario Enciclopédico de términos técnicos (Registro nro. 7627)
[ vista simple ]
| 000 -Cabecera | |
|---|---|
| Campo de control de longitud fija | 00442aam a2200169 4500 |
| 005 - Fecha y hora de la última transacción | |
| Campo de control | 20250207164938.0 |
| 008 - Elementos de longitud fija--Información general | |
| Campo de control de longitud fija | 150507b2002 xxu||||| |||| 00| 0 spa d |
| 041 ## - Idioma | |
| Código de idioma | Español |
| -- | Inglés |
| 082 ## - Clasificación Decimal Dewey | |
| Número de clasificación | R 423 C719d |
| 100 ## - Entrada principal--Autor personal | |
| Nombre personal | Collazo, Javier L |
| 245 ## - Título propiamente dicho | |
| Título | Diccionario Enciclopédico de términos técnicos |
| 260 ## - Pie de imprenta | |
| Lugar de publicación, distribución, etc. | México |
| Nombre del editor, distribuidor, etc. | McGraw-Hill |
| Fecha de publicación, distribución, etc. | 2002 |
| 300 ## - Descripción física | |
| Extensión | 880 páginas |
| 650 ## - Materia general | |
| Temática (materia general) | DICCIONARIO |
| 650 ## - Materia general | |
| Temática (materia general) | ELECTRÓNICA |
| 942 ## - Punto de acceso adicional KOHA | |
| Tipo de ítem KOHA | Referencia |
| Fuente del sistema de clasificación o colocación | Dewey Decimal Classification |
| Signatura completa | Código de barras | Tipo de ítem |
|---|---|---|
| R 423 C719d | 12040 | Referencia |
| R 423 C719d | 12041 | Referencia |
| R 423 C719d | 12042 | Referencia |
| R 423 C719d | 11907 | Referencia |
| R 423 C719d | 11908 | Referencia |
| R 423 C719d | 11909 | Referencia |